इसे छोड़कर सामग्री पर बढ़ने के लिए
आपका खाता
लॉग आउट
लॉग इन करें
भाषा
English
Deutsch
Español
Français
Italiano
日本語
Nederlands
Português
Português (Brasil)
中文(简体)
中文(繁體)
Türkçe
עברית
Gaeilge
Cymraeg
Ελληνικά
Català
Euskara
Русский
Čeština
Suomi
Svenska
polski
Dansk
slovenščina
اللغة العربية
বাংলা
Galego
Tiếng Việt
Hrvatski
हिंदी
सभी फ़ील्ड्स
शीर्षक
लेखक
विषय
बोधानक
आईएसबीएन / आईएसएसएन
टैग
खोज
उन्नत
Quang học
स्टाफ के लिए
इसे उद्धृत करें
इसे ईमेल करें
प्रिंट
निर्यात रिकॉर्ड
को निर्यात RefWorks
को निर्यात EndNoteWeb
को निर्यात EndNote
को निर्यात MARC
को निर्यात MARCXML
को निर्यात RDF
को निर्यात BibTeX
को निर्यात RIS
सूची में सहेजें
Quang học
में बचाया:
ग्रंथसूची विवरण
मुख्य लेखक:
Cao Xuân An
स्वरूप:
पुस्तक
भाषा:
Undetermined
विषय:
optics
टैग :
टैग जोड़ें
कोई टैग नहीं, इस रिकॉर्ड को टैग करने वाले पहले व्यक्ति बनें!
Thư viện lưu trữ:
Trung tâm Học liệu Trường Đại học Cần Thơ
होल्डिंग्स
विवरण
टिप्पणियाँ
समान संसाधन
स्टाफ के लिए
LEADER
00364nam a2200145Ia 4500
001
CTU_2295
008
210402s9999 xx 000 0 und d
082
|a
535
082
|b
A105
100
|a
Cao Xuân An
245
0
|a
Quang học
245
0
|c
Cao Xuân An
650
|a
optics
904
|i
Minh, 960823
980
|a
Trung tâm Học liệu Trường Đại học Cần Thơ
समान संसाधन
Quang học
द्वारा: Huỳnh Huệ
प्रकाशित: (1981)
Quang học
द्वारा: Ngô Quốc Quýnh
प्रकाशित: (1972)
Quang học
द्वारा: Huỳnh, Huệ
प्रकाशित: (1995)
Quang học
Quang học đại cương
द्वारा: Trương Thuận
प्रकाशित: (1975)
लोड हो रहा है...